| 000 | 00441nam a2200169Ia 4500 | ||
|---|---|---|---|
| 001 | 29789 | ||
| 008 | 140415s9999 xx 000 0 und d | ||
| 020 | _a81-219-2603-3 | ||
| 040 | _cPK-LaUMT | ||
| 082 |
_a 428 _bBAN-E |
||
| 100 | _aSutapa Banerjee | ||
| 245 |
_aEnglish for engineering & management _cSutapa Banerjee |
||
| 260 |
_aNew Delhi,India: _bS. Chand & Company Ltd., _c2006 |
||
| 300 |
_a115 p. _eCD |
||
| 546 | _aEN | ||
| 942 | _cBK | ||
| 999 |
_c29847 _d29847 |
||